Les 30 plus gros transferts de la Serie A - Statistiques

Statistiques générales
  • Ce quiz a été pris 844 fois
    196 depuis la dernière actualisation
  • Le résultat moyen est 17 sur 30
Statistiques - réponses
Pos Réponse Club de départ Club d'arrivée Montant du transfert Saison % Correct
1 Ronaldo Real Madrid Juventus Turin 117,00 mio. € 18/19
99%
3 Pogba Juventus Turin Manchester Utd. 105,00 mio. € 16/17
93%
2 Lukaku Inter Milan Chelsea 113,00 mio. € 21/22
92%
5 De Ligt Ajax Amsterdam Juventus Turin 85,50 mio. € 19/20
87%
7 Zidane Juventus Turin Real Madrid 77,50 mio. € 01/02
82%
4 Higuain Napoli Juventus Turin 90,00 mio. € 16/17
78%
9 Osimhen LOSC Lille Napoli 75,00 mio. € 20/21
78%
8 Arthur FC Barcelona Juventus Turin 76,00 mio. € 20/21
75%
16 Cavani Napoli Paris SG 64,50 mio. € 13/14
72%
6 Vlahovic Fiorentina Juventus Turin 81,60 mio. € 21/22
72%
12 Hakimi Inter Milan Paris SG 68,00 mio. € 21/22
67%
14 Kaka AC MIlan Real Madrid 67,00 mio. € 09/10
67%
10 Lukaku Manchester Utd. Inter Milan 74,00 mio. € 19/20
67%
13 De Ligt Juventus Turin Bayern Munich 67,00 mio. € 22/23
65%
15 Cancelo Juventus Turin Manchester City 65,00 mio. € 19/20
62%
11 Ibrahimovic Inter Milan FC Barcelona 69,50 mio. € 09/10
62%
19 Pjanic Juventus Turin FC Barcelona 60,00 mio. € 20/21
59%
18 Alisson AS Roma FC Liverpool 62,50 mio. € 18/19
58%
17 Tonali Inter Milan Newcastle Utd. 64,00 mio. € 23/24
56%
22 Buffon AC Parme Juventus Turin 52,88 mio. € 01/02
46%
24 Icardi Inter Milan Paris SG 50,00 mio. € 20/21
43%
20 Jorginho Napoli Chelsea 57,00 mio. € 18/19
35%
27 Lozano PSV Eindhoven Napoli 45,00 mio. € 19/20
34%
28 Ronaldo Inter Milan Real Madrid 45,00 mio. € 02/03
34%
23 Romero Atalanta BC Tottenham 50,00 mio. € 22/23
29%
21 Crespo AC Parme Lazio Rome 56,81 mio. € 00/01
22%
29 Nedved Lazio Rome Juventus Turin 45,00 mio. € 01/02
16%
30 Joao Mario Sporting CP Inter Milan 44,78 mio. € 16/17
15%
26 Vieri Lazio Rome Inter Milan 46,48 mio. € 99/00
8%
25 Mendieta FC Valencia Lazio Rome 48,00 mio. € 01/02
7%
Aucun quiz correspondant
Distribution des résultats
% des personnes avec chaque résultat
Percentile par nombre de réponses
Votre historique - résultats
Vous n’avez pas pris ce quiz depuis la dernière actualisation